<?xml version="1.0" encoding="UTF-8"?>
<collection xmlns="http://www.loc.gov/MARC21/slim">
 <record>
  <leader>00644nam a22001815a 4500</leader>
  <controlfield tag="001">EUN.um063336</controlfield>
  <controlfield tag="008">041125s1996####ag#a#####bm###000#0#spa#d</controlfield>
  <controlfield tag="005">20070927122948.0</controlfield>
  <datafield tag="245" ind1="1" ind2="0">
   <subfield code="a">Funcionamiento hidroedáfico y sostenibilidad ambiental en la cuenca del arroyo Guaminí, provincia de Buenos Aires /</subfield>
   <subfield code="c">Marino M. Puricelli.</subfield>
  </datafield>
  <datafield tag="260" ind1=" " ind2=" ">
   <subfield code="c">1996.</subfield>
  </datafield>
  <datafield tag="300" ind1=" " ind2=" ">
   <subfield code="a">270 h. :</subfield>
   <subfield code="b">ilus. ;</subfield>
   <subfield code="c">29,5 cm..</subfield>
  </datafield>
  <datafield tag="502" ind1=" " ind2=" ">
   <subfield code="a">Tesis--Universidad Nacional del Sur, 1996.</subfield>
  </datafield>
  <datafield tag="504" ind1=" " ind2=" ">
   <subfield code="a">Incluye referencias bibliográficas.</subfield>
  </datafield>
  <datafield tag="100" ind1="1" ind2=" ">
   <subfield code="a">Puricelli, Marino M.</subfield>
  </datafield>
  <datafield tag="082" ind1="0" ind2="4">
   <subfield code="a">040</subfield>
  </datafield>
  <datafield tag="082" ind1="0" ind2="4">
   <subfield code="a">551.48</subfield>
  </datafield>
  <datafield tag="082" ind1="0" ind2="4">
   <subfield code="a">631.45</subfield>
  </datafield>
  <datafield tag="859" ind1=" " ind2=" ">
   <subfield code="a">Ar-BaUNS</subfield>
   <subfield code="b">Dto. Agronomia</subfield>
   <subfield code="h">040</subfield>
   <subfield code="i">B148 1996-307</subfield>
   <subfield code="p">105119/996</subfield>
  </datafield>
 </record>
</collection>
